000 00432nam a2200169Ia 4500
008 221030s9999 xx 000 0 und d
020 _a0074636839
041 _aEnglish
082 _a105.23
_bKha
100 _aM. Y. Khan
245 0 _aTheory & Problems in Finanical Management
_cby M. Y. Khan, P. K. Jain
260 _bTMH
_aNew Delhi
_c2002
300 _a16.20
650 _aBE Management
700 _aP. K. Jain
942 _cBK
999 _c8525
_d8525